| 000 | 00728nam a22001577a 4500 | ||
|---|---|---|---|
| 003 | OSt | ||
| 005 | 20151006150903.0 | ||
| 008 | 151006b xxu||||| |||| 00| 0 eng d | ||
| 040 | _cRUA | ||
| 082 | _aAVM HEN 2006 B076 Or.1 | ||
| 100 |
_92185 _aHENG, RATHA. |
||
| 245 | _aUse of peanut in concentration feed for growing the broiler avian breed at royal university of agriculture, ការប្រើប្រាស់សណ្ដែកដីផ្សំជាចំណីទៅលើការលូតលាស់មាន់សាច់ពូជAVIAN នៅសាកលវិទ្យាល័យភូមិន្ទកសិកម្ម | ||
| 260 |
_aPhnom Penh _bRUA _c2006 |
||
| 300 |
_a46p. _bill. _c29cm. |
||
| 942 |
_2ddc _cAVM |
||
| 999 |
_c2056 _d2056 |
||